000 00823nam a22002417a 4500
999 _c16024
_d16024
003 AR-CdUCM
008 190329b ||||| |||| 00| 0 spa d
040 _aMUNICIPALIDAD PROVINCIAL DEL CUSCO
_cBIBLIOTECA MUNICIPAL DEL CUSCO
082 _a109 /
_bF78
100 _aFouillée, Alfredo
_926941
245 _aHistoria general de la filosofía /
260 _aMadrid :
_bRubio,
_c1933
300 _a190 páginas ;
_c18 cm.
440 _aNueva biblioteca filosófica.
_n5
_935296
500 _aFilosofía contemporánea IV
505 _aContenido : Escuela inglesa contemporánea -- Psicología inglesa -- Cosmología inglesa ...
650 _aHistoria
_9136
650 _aFilosofía
_9395
650 _aContemporánea
_9585
700 _aPales, F. Gallach
_935297
942 _2ddc
_cLIBROS
945 _arah
_d30/04/2019